[Event "Deutscher Mix-Teampokal U12 2025"]
[Site "Bad Homburg GER"]
[Date "2025.07.19"]
[Round "2"]
[White "Kukhtichev, Maksim"]
[Black "Huang, Flora Yueya"]
[Result "1/2-1/2"]
[Termination "normal"]
[Board "2.2"]
[WhiteElo "1616"]
[BlackElo "1747"]
[WhiteClock "00:16:46"]
[BlackClock "00:00:16"]
[WhiteTeam "SK Bad Homburg 1927"]
[BlackTeam "SV Oberursel"]
[PlyCount "148"]
[WhiteFideId "34638881"]
[BlackFideId "533015651"]
[EventCountry "GER"]
[EventRounds "5"]
[EventType "team-swiss"]
[EventDate "2025.07.18"]

1. e4 {[%clk 00:55:08]} c5 {[%clk 00:55:06]} {[%emt 00:00:06]} 2. c4 {[%clk
00:55:04]} {[%emt 00:00:09]} d6 {[%clk 00:55:05]} {[%emt 00:00:07]} 3. Nc3
{[%clk 00:55:03]} {[%emt 00:00:06]} Nf6 {[%clk 00:55:00]} {[%emt 00:00:10]} 4.
d3 {[%clk 00:54:09]} {[%emt 00:00:58]} Nc6 {[%clk 00:54:43]} {[%emt 00:00:23]}
5. Nf3 {[%clk 00:53:37]} {[%emt 00:00:37]} g6 {[%clk 00:53:58]} {[%emt
00:00:50]} 6. g3 {[%clk 00:53:16]} {[%emt 00:00:25]} Bg7 {[%clk 00:53:52]}
{[%emt 00:00:12]} 7. Bg2 {[%clk 00:52:21]} {[%emt 00:01:00]} O-O {[%clk
00:51:58]} {[%emt 00:01:59]} 8. O-O {[%clk 00:51:50]} {[%emt 00:00:35]} Bg4
{[%clk 00:49:09]} {[%emt 00:02:54]} 9. h3 {[%clk 00:51:35]} {[%emt 00:00:20]}
Bd7 {[%clk 00:49:04]} {[%emt 00:00:10]} 10. Kh2 {[%clk 00:51:29]} {[%emt
00:00:11]} Ne8 {[%clk 00:45:05]} {[%emt 00:04:05]} 11. Bd2 {[%clk 00:51:10]}
{[%emt 00:00:23]} e5 {[%clk 00:41:55]} {[%emt 00:03:15]} 12. Qc1 {[%clk
00:50:56]} {[%emt 00:00:20]} f5 {[%clk 00:40:41]} {[%emt 00:01:19]} 13. exf5
{[%clk 00:50:20]} {[%emt 00:00:41]} Bxf5 {[%clk 00:36:59]} {[%emt 00:03:46]}
14. Ne1 {[%clk 00:49:04]} {[%emt 00:01:21]} Qc8 {[%clk 00:35:54]} {[%emt
00:01:10]} 15. Bh6 {[%clk 00:47:38]} {[%emt 00:01:32]} Nb4 {[%clk 00:34:30]}
{[%emt 00:01:29]} 16. Nd5 {[%clk 00:46:45]} {[%emt 00:00:58]} Nxd5 {[%clk
00:34:25]} {[%emt 00:00:09]} 17. Bxd5+ {[%clk 00:46:39]} {[%emt 00:00:12]} Be6
{[%clk 00:34:13]} {[%emt 00:00:16]} 18. Bxe6+ {[%clk 00:45:17]} {[%emt
00:01:27]} Qxe6 {[%clk 00:34:09]} {[%emt 00:00:09]} 19. Bxg7 {[%clk 00:45:02]}
{[%emt 00:00:21]} Nxg7 {[%clk 00:34:04]} {[%emt 00:00:10]} 20. Ng2 {[%clk
00:44:48]} {[%emt 00:00:19]} Rf3 {[%clk 00:31:16]} {[%emt 00:02:53]} 21. Nh4
{[%clk 00:44:08]} {[%emt 00:00:45]} Rf6 {[%clk 00:25:47]} {[%emt 00:05:34]} 22.
Ng2 {[%clk 00:43:09]} {[%emt 00:01:04]} Raf8 {[%clk 00:24:09]} {[%emt
00:01:43]} 23. Qe3 {[%clk 00:41:58]} {[%emt 00:01:14]} Rf3 {[%clk 00:22:54]}
{[%emt 00:01:21]} 24. Qe2 {[%clk 00:41:36]} {[%emt 00:00:27]} Qf7 {[%clk
00:22:39]} {[%emt 00:00:20]} 25. Kg1 {[%clk 00:40:47]} {[%emt 00:00:55]} Qf5
{[%clk 00:20:07]} {[%emt 00:02:36]} 26. Nh4 {[%clk 00:40:12]} {[%emt 00:00:40]}
Qxd3 {[%clk 00:19:51]} {[%emt 00:00:22]} 27. Qxd3 {[%clk 00:39:12]} {[%emt
00:01:05]} Rxd3 {[%clk 00:19:50]} {[%emt 00:00:06]} 28. Ng2 {[%clk 00:37:04]}
{[%emt 00:02:13]} Rdf3 {[%clk 00:18:26]} {[%emt 00:01:28]} 29. Rad1 {[%clk
00:36:17]} {[%emt 00:00:52]} Ne8 {[%clk 00:17:03]} {[%emt 00:01:28]} 30. Ne3
{[%clk 00:35:52]} {[%emt 00:00:30]} Kf7 {[%clk 00:16:19]} {[%emt 00:00:49]} 31.
Rd3 {[%clk 00:33:56]} {[%emt 00:02:02]} Ke6 {[%clk 00:14:55]} {[%emt 00:01:30]}
32. Ra3 {[%clk 00:32:41]} {[%emt 00:01:20]} a6 {[%clk 00:14:38]} {[%emt
00:00:22]} 33. Rb3 {[%clk 00:32:34]} {[%emt 00:00:11]} R3f7 {[%clk 00:14:17]}
{[%emt 00:00:25]} 34. Rb6 {[%clk 00:31:12]} {[%emt 00:01:29]} Rd7 {[%clk
00:13:08]} {[%emt 00:01:14]} 35. Re1 {[%clk 00:30:39]} {[%emt 00:00:38]} Ke7
{[%clk 00:12:26]} {[%emt 00:00:47]} 36. Nd5+ {[%clk 00:28:55]} {[%emt
00:01:49]} Kd8 {[%clk 00:12:22]} {[%emt 00:00:09]} 37. f4 {[%clk 00:27:45]}
{[%emt 00:01:15]} exf4 {[%clk 00:11:48]} {[%emt 00:00:39]} 38. Nxf4 {[%clk
00:27:22]} {[%emt 00:00:28]} Rff7 {[%clk 00:11:32]} {[%emt 00:00:20]} 39. Ne6+
{[%clk 00:24:37]} {[%emt 00:02:50]} Kc8 {[%clk 00:11:28]} {[%emt 00:00:09]} 40.
Nxc5 {[%clk 00:23:42]} {[%emt 00:01:01]} dxc5 {[%clk 00:11:25]} {[%emt
00:00:08]} 41. Rxe8+ {[%clk 00:23:38]} {[%emt 00:00:09]} Kc7 {[%clk 00:11:20]}
{[%emt 00:00:10]} 42. Rbe6 {[%clk 00:22:55]} {[%emt 00:00:47]} Rd1+ {[%clk
00:09:29]} {[%emt 00:01:57]} 43. Re1 {[%clk 00:22:37]} {[%emt 00:00:24]} Rxe1+
{[%clk 00:09:28]} {[%emt 00:00:05]} 44. Rxe1 {[%clk 00:22:37]} {[%emt
00:00:05]} Rd7 {[%clk 00:09:12]} {[%emt 00:00:20]} 45. Re2 {[%clk 00:22:28]}
{[%emt 00:00:14]} Kc6 {[%clk 00:08:43]} {[%emt 00:00:34]} 46. Re6+ {[%clk
00:22:12]} {[%emt 00:00:22]} Rd6 {[%clk 00:08:27]} {[%emt 00:00:20]} 47. Rxd6+
{[%clk 00:21:20]} {[%emt 00:00:57]} Kxd6 {[%emt 00:00:05]} 48. Kf2 {[%clk
00:21:21]} {[%emt 00:00:04]} Ke5 {[%clk 00:08:15]} {[%emt 00:00:18]} 49. Ke3
{[%clk 00:21:21]} {[%emt 00:00:05]} b6 {[%clk 00:07:16]} {[%emt 00:01:04]} 50.
b3 {[%clk 00:21:12]} {[%emt 00:00:13]} a5 {[%clk 00:07:10]} {[%emt 00:00:11]}
51. a4 {[%clk 00:21:11]} {[%emt 00:00:06]} h6 {[%clk 00:06:59]} {[%emt
00:00:16]} 52. h4 {[%clk 00:20:49]} {[%emt 00:00:28]} h5 {[%clk 00:06:52]}
{[%emt 00:00:12]} 53. Kd3 {[%clk 00:18:57]} {[%emt 00:01:57]} Kf5 {[%clk
00:06:50]} {[%emt 00:00:07]} 54. Ke3 {[%clk 00:18:45]} {[%emt 00:00:16]} Kg4
{[%clk 00:06:39]} {[%emt 00:00:15]} 55. Kf2 {[%clk 00:18:23]} {[%emt 00:00:27]}
g5 {[%clk 00:03:36]} {[%emt 00:03:08]} 56. hxg5 {[%clk 00:18:19]} {[%emt
00:00:08]} Kxg5 {[%clk 00:03:39]} {[%emt 00:00:03]} 57. Kf3 {[%clk 00:18:06]}
{[%emt 00:00:18]} Kf5 {[%clk 00:03:35]} {[%emt 00:00:09]} 58. Ke3 {[%clk
00:17:48]} {[%emt 00:00:23]} Ke5 {[%clk 00:01:41]} {[%emt 00:01:58]} 59. Kd3
{[%clk 00:17:16]} {[%emt 00:00:37]} Kf5 {[%clk 00:01:43]} {[%emt 00:00:03]} 60.
Ke3 {[%clk 00:17:17]} {[%emt 00:00:05]} Kg5 {[%clk 00:01:03]} {[%emt 00:00:44]}
61. Kf3 {[%clk 00:17:16]} {[%emt 00:00:06]} Kf5 {[%clk 00:00:57]} {[%emt
00:00:12]} 62. Ke3 {[%clk 00:17:15]} {[%emt 00:00:06]} Kg4 {[%clk 00:00:55]}
{[%emt 00:00:07]} 63. Kf2 {[%clk 00:17:12]} {[%emt 00:00:08]} Kg5 {[%clk
00:00:42]} {[%emt 00:00:18]} 64. Kf3 {[%clk 00:17:12]} {[%emt 00:00:05]} Kf5
{[%clk 00:00:43]} {[%emt 00:00:03]} 65. Ke3 {[%clk 00:17:12]} {[%emt 00:00:05]}
Kg4 {[%clk 00:00:27]} {[%emt 00:00:20]} 66. Kf2 {[%clk 00:17:13]} {[%emt
00:00:05]} Kg5 {[%clk 00:00:27]} {[%emt 00:00:04]} 67. Kf3 {[%clk 00:17:11]}
{[%emt 00:00:08]} Kf5 {[%clk 00:00:25]} {[%emt 00:00:07]} 68. Ke3 {[%clk
00:17:10]} {[%emt 00:00:06]} Ke5 {[%clk 00:00:26]} {[%emt 00:00:04]} 69. Kd3
{[%clk 00:17:08]} {[%emt 00:00:08]} Kf5 {[%clk 00:00:22]} {[%emt 00:00:09]} 70.
Ke3 {[%clk 00:17:09]} {[%emt 00:00:04]} Ke5 {[%clk 00:00:19]} {[%emt 00:00:07]}
71. Kd3 {[%clk 00:17:09]} {[%emt 00:00:05]} Kf5 {[%clk 00:00:20]} {[%emt
00:00:04]} 72. Ke3 {[%clk 00:17:09]} {[%emt 00:00:04]} Ke5 {[%clk 00:00:19]}
{[%emt 00:00:05]} 73. Kd3 {[%clk 00:17:09]} {[%emt 00:00:05]} Kf5 {[%clk
00:00:19]} {[%emt 00:00:04]} 74. Ke3 {[%clk 00:17:09]} {[%emt 00:00:06]} Ke5
{[%clk 00:00:19]} {[%emt 00:00:05]} 1/2-1/2

[Event "Deutscher Mix-Teampokal U12 2025"]
[Site "Bad Homburg GER"]
[Date "2025.07.19"]
[Round "2"]
[White "Nikonenko, Tymofii"]
[Black "Xu, Dorothea Sicheng"]
[Result "1-0"]
[Termination "normal"]
[Board "2.3"]
[WhiteElo "1518"]
[BlackElo "1581"]
[WhiteClock "00:26:39"]
[BlackClock "00:00:08"]
[WhiteTeam "SV Oberursel"]
[BlackTeam "SK Bad Homburg 1927"]
[PlyCount "85"]
[WhiteFideId "34166246"]
[BlackFideId "34667539"]
[EventCountry "GER"]
[EventRounds "5"]
[EventType "team-swiss"]
[EventDate "2025.07.18"]

1. d4 {[%clk 00:55:06]} {[%emt 00:00:04]} d5 {[%clk 00:55:05]} {[%emt
00:00:05]} 2. c4 {[%clk 00:55:05]} {[%emt 00:00:06]} e6 {[%clk 00:55:06]}
{[%emt 00:00:04]} 3. Nc3 {[%clk 00:55:06]} {[%emt 00:00:04]} Nf6 {[%clk
00:55:07]} {[%emt 00:00:04]} 4. Bg5 {[%clk 00:55:06]} {[%emt 00:00:05]} Be7
{[%clk 00:55:07]} {[%emt 00:00:05]} 5. Nf3 {[%clk 00:55:06]} {[%emt 00:00:05]}
O-O {[%clk 00:55:01]} {[%emt 00:00:12]} 6. e3 {[%clk 00:55:08]} {[%emt
00:00:03]} c6 {[%clk 00:54:57]} {[%emt 00:00:08]} 7. cxd5 {[%clk 00:54:57]}
{[%emt 00:00:16]} exd5 {[%clk 00:54:53]} {[%emt 00:00:08]} 8. Bd3 {[%clk
00:54:56]} {[%emt 00:00:06]} Nbd7 {[%clk 00:54:38]} {[%emt 00:00:21]} 9. O-O
{[%clk 00:54:51]} {[%emt 00:00:09]} h6 {[%clk 00:54:10]} {[%emt 00:00:33]} 10.
Bf4 {[%clk 00:54:51]} {[%emt 00:00:06]} Re8 {[%clk 00:53:15]} {[%emt 00:01:01]}
11. h3 {[%clk 00:54:06]} {[%emt 00:00:49]} Bb4 {[%clk 00:48:11]} {[%emt
00:05:09]} 12. Na4 {[%clk 00:53:09]} {[%emt 00:01:02]} Ne4 {[%clk 00:46:01]}
{[%emt 00:02:16]} 13. a3 {[%clk 00:52:48]} {[%emt 00:00:26]} Ba5 {[%clk
00:44:17]} {[%emt 00:01:49]} 14. b4 {[%clk 00:52:00]} {[%emt 00:00:52]} Bc7
{[%clk 00:43:12]} {[%emt 00:01:11]} 15. Bxc7 {[%clk 00:51:43]} {[%emt
00:00:22]} Qxc7 {[%clk 00:43:09]} {[%emt 00:00:07]} 16. Bxe4 {[%clk 00:51:42]}
{[%emt 00:00:06]} dxe4 {[%clk 00:40:55]} {[%emt 00:02:19]} 17. Nd2 {[%clk
00:51:38]} {[%emt 00:00:10]} Nf6 {[%clk 00:39:32]} {[%emt 00:01:28]} 18. Nc3
{[%clk 00:51:22]} {[%emt 00:00:20]} Bf5 {[%clk 00:34:40]} {[%emt 00:04:57]} 19.
Ne2 {[%clk 00:50:11]} {[%emt 00:01:15]} Rad8 {[%clk 00:29:49]} {[%emt
00:04:56]} 20. Rc1 {[%clk 00:48:47]} {[%emt 00:01:29]} Qe7 {[%clk 00:23:31]}
{[%emt 00:06:23]} 21. Nc4 {[%clk 00:48:23]} {[%emt 00:00:30]} Nd5 {[%clk
00:18:40]} {[%emt 00:04:56]} 22. Ng3 {[%clk 00:47:33]} {[%emt 00:00:54]} Bd7
{[%clk 00:12:53]} {[%emt 00:05:53]} 23. Ne5 {[%clk 00:46:02]} {[%emt 00:01:36]}
Qh4 {[%clk 00:07:54]} {[%emt 00:05:04]} 24. Qh5 {[%clk 00:42:35]} {[%emt
00:03:31]} Qxh5 {[%clk 00:06:54]} {[%emt 00:01:06]} 25. Nxh5 {[%clk 00:42:29]}
{[%emt 00:00:11]} Re6 {[%clk 00:03:47]} {[%emt 00:03:12]} 26. Rfe1 {[%clk
00:38:14]} {[%emt 00:04:19]} Be8 {[%clk 00:02:54]} {[%emt 00:00:58]} 27. Ng3
{[%clk 00:37:20]} {[%emt 00:01:00]} f6 {[%clk 00:02:24]} {[%emt 00:00:36]} 28.
Nc4 {[%clk 00:36:59]} {[%emt 00:00:25]} Bg6 {[%clk 00:01:50]} {[%emt 00:00:39]}
29. Na5 {[%clk 00:35:58]} {[%emt 00:01:06]} Rd7 {[%clk 00:01:42]} {[%emt
00:00:14]} 30. Ne2 {[%clk 00:35:26]} {[%emt 00:00:37]} f5 {[%clk 00:01:20]}
{[%emt 00:00:27]} 31. Nc4 {[%clk 00:35:03]} {[%emt 00:00:27]} Bh7 {[%clk
00:00:49]} {[%emt 00:00:36]} 32. Nc3 {[%clk 00:33:49]} {[%emt 00:01:19]} Ne7
{[%clk 00:00:31]} {[%emt 00:00:23]} 33. Ne5 {[%clk 00:33:01]} {[%emt 00:00:53]}
Rd8 {[%clk 00:00:21]} {[%emt 00:00:15]} 34. Na4 {[%clk 00:32:14]} {[%emt
00:00:52]} Ng6 {[%clk 00:00:12]} {[%emt 00:00:15]} 35. Nc5 {[%clk 00:31:39]}
{[%emt 00:00:39]} Re7 {[%clk 00:00:13]} {[%emt 00:00:04]} 36. Nc4 {[%clk
00:30:51]} {[%emt 00:00:53]} b6 {[%clk 00:00:11]} {[%emt 00:00:07]} 37. Nb3
{[%clk 00:30:27]} {[%emt 00:00:29]} Rc7 {[%clk 00:00:09]} {[%emt 00:00:06]} 38.
Rc2 {[%clk 00:29:38]} {[%emt 00:00:54]} b5 {[%clk 00:00:12]} {[%emt 00:00:03]}
39. Nca5 {[%clk 00:29:08]} {[%emt 00:00:35]} Rdc8 {[%clk 00:00:15]} {[%emt
00:00:02]} 40. Rec1 {[%clk 00:28:03]} {[%emt 00:01:10]} Ne7 {[%clk 00:00:17]}
{[%emt 00:00:03]} 41. Nc5 {[%clk 00:27:42]} {[%emt 00:00:25]} Kf7 {[%clk
00:00:15]} {[%emt 00:00:08]} 42. Na6 {[%clk 00:27:16]} {[%emt 00:00:31]} Rd7
{[%clk 00:00:08]} {[%emt 00:00:13]} 43. Nxc6 {[%clk 00:26:39]} {[%emt
00:00:41]} 1-0

[Event "Deutscher Mix-Teampokal U12 2025"]
[Site "Bad Homburg GER"]
[Date "2025.07.19"]
[Round "2"]
[White "Bayer, Klara"]
[Black "Frikel, Konstantin"]
[Result "1-0"]
[Termination "normal"]
[Board "3.1"]
[WhiteElo "1741"]
[BlackElo "1359"]
[WhiteClock "00:06:33"]
[BlackClock "00:13:44"]
[WhiteTeam "SC Zitadelle Spandau 1977"]
[BlackTeam "SK Kelheim 1920"]
[PlyCount "63"]
[WhiteFideId "34658955"]
[BlackFideId "533002266"]
[EventCountry "GER"]
[EventRounds "5"]
[EventType "team-swiss"]
[EventDate "2025.07.18"]

1. c4 {[%clk 00:55:08]} {[%emt 00:00:01]} e5 {[%clk 00:54:59]} {[%emt
00:00:12]} 2. g3 {[%clk 00:55:07]} {[%emt 00:00:07]} Nc6 {[%clk 00:54:54]}
{[%emt 00:00:10]} 3. Bg2 {[%clk 00:55:05]} {[%emt 00:00:06]} Nf6 {[%clk
00:54:47]} {[%emt 00:00:12]} 4. Nc3 {[%clk 00:55:00]} {[%emt 00:00:10]} Bc5
{[%clk 00:54:42]} {[%emt 00:00:09]} 5. Nf3 {[%clk 00:52:55]} {[%emt 00:02:10]}
d6 {[%clk 00:54:03]} {[%emt 00:00:45]} 6. d3 {[%clk 00:52:54]} {[%emt
00:00:06]} O-O {[%clk 00:53:41]} {[%emt 00:00:27]} 7. O-O {[%clk 00:52:52]}
{[%emt 00:00:08]} Re8 {[%clk 00:52:18]} {[%emt 00:01:27]} 8. a3 {[%clk
00:52:08]} {[%emt 00:00:48]} a6 {[%clk 00:51:00]} {[%emt 00:01:24]} 9. Rb1
{[%clk 00:51:47]} {[%emt 00:00:25]} Be6 {[%clk 00:48:44]} {[%emt 00:02:22]} 10.
b4 {[%clk 00:51:12]} {[%emt 00:00:39]} Ba7 {[%clk 00:48:30]} {[%emt 00:00:19]}
11. Ne1 {[%clk 00:40:12]} {[%emt 00:11:05]} Rb8 {[%clk 00:43:15]} {[%emt
00:05:21]} 12. Nc2 {[%clk 00:40:01]} {[%emt 00:00:17]} h6 {[%clk 00:42:02]}
{[%emt 00:01:18]} 13. Bd2 {[%clk 00:36:35]} {[%emt 00:03:31]} Qd7 {[%clk
00:41:32]} {[%emt 00:00:34]} 14. a4 {[%clk 00:34:52]} {[%emt 00:01:47]} Bh3
{[%clk 00:40:46]} {[%emt 00:00:52]} 15. a5 {[%clk 00:31:35]} {[%emt 00:03:22]}
Bxg2 {[%clk 00:40:03]} {[%emt 00:00:48]} 16. Kxg2 {[%clk 00:31:35]} {[%emt
00:00:05]} d5 {[%clk 00:39:21]} {[%emt 00:00:47]} 17. f3 {[%clk 00:28:11]}
{[%emt 00:03:28]} dxc4 {[%clk 00:35:36]} {[%emt 00:03:51]} 18. dxc4 {[%clk
00:28:02]} {[%emt 00:00:14]} Qe6 {[%clk 00:35:34]} {[%emt 00:00:07]} 19. Na3
{[%clk 00:23:28]} {[%emt 00:04:39]} Rbd8 {[%clk 00:35:10]} {[%emt 00:00:29]}
20. Qc1 {[%clk 00:19:50]} {[%emt 00:03:41]} Kh7 {[%clk 00:33:47]} {[%emt
00:01:30]} 21. Qc2+ {[%clk 00:17:20]} {[%emt 00:02:35]} g6 {[%clk 00:32:08]}
{[%emt 00:01:44]} 22. Qc1 {[%clk 00:16:40]} {[%emt 00:00:44]} h5 {[%clk
00:32:08]} {[%emt 00:00:06]} 23. Bg5 {[%clk 00:16:15]} {[%emt 00:00:30]} Rd7
{[%clk 00:27:50]} {[%emt 00:04:22]} 24. Rb2 {[%clk 00:14:08]} {[%emt 00:02:13]}
Kg7 {[%clk 00:24:51]} {[%emt 00:03:05]} 25. Qb1 {[%clk 00:11:28]} {[%emt
00:02:43]} Qe7 {[%clk 00:22:59]} {[%emt 00:01:58]} 26. Nd5 {[%clk 00:10:24]}
{[%emt 00:01:09]} Rxd5 {[%clk 00:21:25]} {[%emt 00:01:38]} 27. cxd5 {[%clk
00:10:20]} {[%emt 00:00:10]} Nxa5 {[%clk 00:21:17]} {[%emt 00:00:13]} 28. bxa5
{[%clk 00:10:09]} {[%emt 00:00:16]} Qxa3 {[%clk 00:21:12]} {[%emt 00:00:10]}
29. Rxb7 {[%clk 00:10:04]} {[%emt 00:00:10]} Qc5 {[%clk 00:20:21]} {[%emt
00:00:45]} 30. Qd3 {[%clk 00:07:12]} {[%emt 00:03:07]} Rd8 {[%clk 00:17:04]}
{[%emt 00:03:24]} 31. Qxa6 {[%clk 00:06:40]} {[%emt 00:00:36]} Ra8 {[%clk
00:13:44]} {[%emt 00:03:24]} 32. Qxf6+ {[%clk 00:06:33]} {[%emt 00:00:13]} 1-0